Một trăm lẽ một bước vẽ chì căn bản trong hội họa

Cung cấp những gợi ý và hoạt động một cách chi tiết nhằm hướng dẫn bạn đọc hiểu rõ về tính đa dạng của hội họa và nghệ thuật sáng tác

Αποθηκεύτηκε σε:
Λεπτομέρειες βιβλιογραφικής εγγραφής
Κύριος συγγραφέας: Capitolo, Robert
Άλλοι συγγραφείς: Schwab, Ken
Μορφή: Βιβλίο
Γλώσσα:Undetermined
Έκδοση: H. Mỹ thuật 2019
Θέματα:
Διαθέσιμο Online:http://lrc.tdmu.edu.vn/opac/search/detail.asp?aID=2&ID=41149
Ετικέτες: Προσθήκη ετικέτας
Δεν υπάρχουν, Καταχωρήστε ετικέτα πρώτοι!
Thư viện lưu trữ: Trung tâm Học liệu Trường Đại học Thủ Dầu Một
LEADER 00877nam a2200205Ia 4500
001 TDMU_41149
008 210410s9999 xx 000 0 und d
082 |a 633.30497 
090 |b C109 
100 |a Capitolo, Robert 
245 0 |a Một trăm lẽ một bước vẽ chì căn bản trong hội họa 
260 |a H. 
260 |b Mỹ thuật 
260 |c 2019 
300 |a 123 tr. 
520 |a Cung cấp những gợi ý và hoạt động một cách chi tiết nhằm hướng dẫn bạn đọc hiểu rõ về tính đa dạng của hội họa và nghệ thuật sáng tác 
650 |a Vẽ  |x Kỹ thuật; Kỹ thuật hội họa 
700 |a Schwab, Ken 
856 |u http://lrc.tdmu.edu.vn/opac/search/detail.asp?aID=2&ID=41149 
980 |a Trung tâm Học liệu Trường Đại học Thủ Dầu Một